| 000 | 00549nam a22001457a 4500 | ||
|---|---|---|---|
| 008 | 230622b |||||||| |||| 00| 0 eng d | ||
| 040 |
_aNational Science Library _cNational Science Library |
||
| 080 |
_a628.1(082.2) _bM7.2 |
||
| 245 |
_aInternational seminar on water management in arid and semi-arid zones _c/ 27-29 November, 1986 sponsors Unesco, New Delhi............................Roorkee |
||
| 260 |
_aIndia: _bDepartment of Agricultural Meteorology, _c1986 |
||
| 300 | _a309p. | ||
| 500 | _aVol. II | ||
| 650 | _aSeminar | ||
| 942 |
_2udc _cSEM |
||
| 999 |
_c46139 _d46139 |
||